000 00700nam a2200241Ia 4500
003 OSt
005 20221005122450.0
006 a|||||r|||| 00| 0
007 ta
008 221004b |||||||| |||| 00| 0 pur d
020 _c300
024 _a27997
037 _b5543, 18/03/2009, Modern Publishing House
_cTextual
040 _aCRL
_cCRL
_bpur
041 _2pur
_apur
082 _aO164,5N47:g, 168P7
100 _aKhan Mohd. Riyazuddin
_9632036
245 0 _aJustjoo
260 _c2007
650 _aPERSIAN LITERATURE
_9309
942 _hO164,5N47:g, 168P7
_cTEXL
_2cc
999 _c1044383
_d1044383